Determinants of Islamic banks' profitability /
محفوظ في:
| المؤلف الرئيسي: | |
|---|---|
| التنسيق: | أطروحة كتاب |
| اللغة: | English |
| منشور في: |
2011.
|
| الموضوعات: | |
| الوسوم: |
إضافة وسم
لا توجد وسوم, كن أول من يضع وسما على هذه التسجيلة!
|
| LEADER | 00931cam a2200253 a 4500 | ||
|---|---|---|---|
| 001 | u866352 | ||
| 003 | SIRSI | ||
| 005 | 201210081316 | ||
| 008 | 121008s2011 my a t 000 0 eng m | ||
| 040 | |a UMM | ||
| 043 | |a f------ |a a------ | ||
| 090 | |a HB71 |b UM 2011 Surrs | ||
| 100 | 0 | |a Suria Rismawati Sanwari. | |
| 245 | 1 | 0 | |a Determinants of Islamic banks' profitability / |c Suria Rismawati binti Sanwari. |
| 260 | |c 2011. | ||
| 300 | |a [1] xiv, 137 leaves : |b ill. ; |c 30 cm. | ||
| 502 | |a Dissertation (M.Ec.) -- Jabatan Ekonomi, Fakulti Ekonomi dan Pentadbiran, Universiti Malaya, 2011. | ||
| 504 | |a Bibliography: leaves 93-99. | ||
| 596 | |a 1 | ||
| 650 | 0 | |a Bank profits |z Islamic countries. | |
| 650 | 0 | |a Banks and banking |z Islamic countries. | |
| 710 | 2 | 0 | |a Universiti Malaya. |b Jabatan Ekonomi. |
| 900 | |a ZA | ||
| 999 | |a HB71 UM 2011 SURRS |w LC |c 1 |i A515297941 |d 7/9/2013 |e 7/9/2013 |f 10/1/2013 |g 1 |l STACKS |m P01UTAMA |n 7 |r Y |s Y |t TESIS |u 9/1/2013 | ||
